000 00354 a2200157 4500
001 74916
020 _a8516015084
040 _cAnchieta - Colégio São Paulo
100 _aJoão Teodoro da Silva
240 1 0 _aLeonardo Da Vinci
_lpor
245 1 0 _aLeonardo Da Vinci
300 _a32
362 0 _a2010
650 4 _aLiteratura infantil
942 _cBK
999 _c74916
_d74916